000
00414nam a2200145Ia 4500
003
SEM
008
141116s9999 xx 000 0 und d
080
_a
159.9(075) Հ-84
100
_a
Հովակիմյան Գ.
245
_a
Ազգային ավանդությունների և սովորույթների հոգեբանություն
260
_a
Երևան
260
_c
2005
300
_a
218
942
_2
udc
_c
BK
999
_c
43539
_d
43539